After the fall : (Record no. 102185)

MARC details
000 -LEADER
fixed length control field 00570nam a22001817a 4500
005 - DATE AND TIME OF LATEST TRANSACTION
control field 20160811125700.0
010 ## - LCCN (DPL NO)
LC control number ENG-115727
020 ## - INTERNATIONAL STANDARD BOOK NUMBER
International Standard Book Number 9780199463503
Terms of availability 650.00
035 ## - SYSTEM CONTROL NUMBER
System control number EN-99259
037 ## - SOURCE OF ACQUISITION
Source of stock number/acquisition DBAD/PUB
082 ## - DEWEY DECIMAL CLASSIFICATION NUMBER
Classification number 954.93032
100 ## - MAIN ENTRY--PERSONAL NAME
Personal name Tikku,Mohan K.
245 ## - TITLE STATEMENT
Title After the fall :
Remainder of title Sri Lanka in victory and war /
Statement of responsibility, etc by Mohan K. Tikku
260 ## - PUBLICATION, DISTRIBUTION, ETC. (IMPRINT)
Place of publication, distribution, etc New Delhi
Name of publisher, distributor, etc Oxford University Press
Date of publication, distribution, etc 2016
270 ## - ADDRESS
Address YMCA,Library Building,1 Jai Singh Road
City New Delhi
Postal code 110001
300 ## - PHYSICAL DESCRIPTION
Extent xix,308p.
Dimensions 21cm(Hb)
942 ## - ADDED ENTRY ELEMENTS (KOHA)
Source of classification or shelving scheme Dewey Decimal Classification
Item type English Books
Classification part 954.93032
Call number suffix TIK
Holdings
Withdrawn status Lost status Not for loan Collection code Home library Current library Date acquired Source of acquisition Cost, normal purchase price Full call number Barcode Copy number Cost, replacement price Koha item type
    Not For Loan Non-fiction D.B.Act.Division Bawana 11/08/2016 DBAD/PUB 650.00 954.93032 TIK EN-99259 1 650.00 English Books

© Delhi Public Library
Hit Counter
free hit counter